[Event "GER-chT U20"]
[Site "Braunschweig"]
[Date "2019.12.30"]
[Round "7.7"]
[White "Triantafillidis, Simeon"]
[Black "Hennemann, Florian"]
[Result "1/2-1/2"]
[WhiteElo "1931"]
[BlackElo "1865"]
[PlyCount "90"]
[EventDate "2019.12.27"]
[EventType "team-swiss"]
[EventRounds "7"]
[EventCountry "GER"]
[SourceTitle "CBM 194 Extra"]
[Source "ChessBase"]
[SourceDate "2020.03.31"]
[SourceVersion "1"]
[SourceVersionDate "2020.03.31"]
[SourceQuality "1"]
[WhiteTeam "Biberach"]
[BlackTeam "Bensheim"]
[WhiteTeamCountry "GER"]
[BlackTeamCountry "GER"]

1. e4 c5 2. Nf3 d6 3. d4 cxd4 4. Nxd4 Nf6 5. Nc3 a6 6. Bg5 e6 7. f4 Be7 8. Qf3 Nc6 9. 0-0-0 Qb6 10. Nxc6 Qxc6 11. Qg3 h6 12. Bxf6 Bxf6 13. e5 dxe5 14. fxe5 Bg5+ 15. Kb1 0-0 16. Be2 Bd7 17. Bf3 Qc7 18. Ne4 Be7 19. Rxd7 Qxd7 20. Nf6+ Bxf6 21. exf6 g6 22. Rd1 Qb5 23. h4 Qf5 24. Bxb7 Rab8 25. Bxa6 Qxf6 26. c3 Rb6 27. Bc4 Rfb8 28. Bb3 Qf5+ 29. Qd3 Qg4 30. g3 Rb5 31. Rf1 R8b7 32. Rf4 Qh3 33. Qf3 Re7 34. Bc2 f5 35. Bb3 Rb8 36. Rd4 Kg7 37. Qd3 Qh1+ 38. Kc2 Qg2+ 39. Kb1 Qb7 40. Rd6 Rbe8 41. Ba4 Rf8 42. Bb3 e5 43. Rd8 Qh1+ 44. Kc2 Qg2+ 45. Kb1 Qh1+ 1/2-1/2

[Event "GER-chT U20"]
[Site "Braunschweig"]
[Date "2019.12.28"]
[Round "3.7"]
[White "Hennemann, Florian"]
[Black "Duero, Liam"]
[Result "0-1"]
[WhiteElo "1865"]
[BlackElo "1841"]
[PlyCount "100"]
[EventDate "2019.12.27"]
[EventType "team-swiss"]
[EventRounds "7"]
[EventCountry "GER"]
[SourceTitle "CBM 194 Extra"]
[Source "ChessBase"]
[SourceDate "2020.03.31"]
[SourceVersion "1"]
[SourceVersionDate "2020.03.31"]
[SourceQuality "1"]
[WhiteTeam "Bensheim"]
[BlackTeam "Trier SG"]
[WhiteTeamCountry "GER"]
[BlackTeamCountry "GER"]

1. e4 c6 2. d4 d5 3. Nc3 dxe4 4. Nxe4 Bf5 5. Ng3 Bg6 6. Be3 e6 7. Nf3 Nf6 8. Bd3 Bxd3 9. Qxd3 Nbd7 10. 0-0-0 Qa5 11. Kb1 h6 12. Rhe1 0-0-0 13. Qb3 Nd5 14. c4 Nxe3 15. fxe3 Bd6 16. Ne4 Qf5 17. Qc2 Bc7 18. Rf1 Qg6 19. g3 Nb6 20. b3 Kb8 21. Nh4 Qh5 22. Qf2 Rhf8 23. Nc5 Nd7 24. Ne4 Qa5 25. Qc2 g5 26. Nf3 f5 27. Nc3 Nf6 28. Nd2 Ng4 29. Qd3 Nxh2 30. Rh1 Ng4 31. Rdf1 Bxg3 32. c5 Nf2 33. Rxf2 Bxf2 34. Nc4 Qxc5 35. Qc2 Rxd4 36. exd4 Bxd4 37. Na4 Qd5 38. Qh2+ f4 39. Qxh6 Qf5+ 40. Kc1 b5 41. Rd1 Rh8 42. Qxh8+ Bxh8 43. Rd8+ Kc7 44. Rxh8 bxc4 45. Ra8 Kb7 46. Rd8 cxb3 47. axb3 f3 48. Rd7+ Kc8 49. Rxa7 f2 50. Nb6+ Kb8 0-1

[Event "Hessen-ch U16"]
[Site "Bad Homburg"]
[Date "2015.03.30"]
[Round "1"]
[White "Hennemann, Florian"]
[Black "Neukirchner, Pascal"]
[Result "1/2-1/2"]
[WhiteElo "1505"]
[BlackElo "1932"]
[PlyCount "120"]
[EventDate "2015.03.30"]
[EventType "swiss"]
[EventRounds "7"]
[EventCountry "GER"]
[SourceTitle "EXT 2017"]
[Source "ChessBase"]
[SourceDate "2016.10.25"]
[SourceVersion "1"]
[SourceVersionDate "2016.10.25"]
[SourceQuality "1"]

1. e4 c5 2. f4 d6 3. Nf3 Nf6 4. Nc3 Nc6 5. Bc4 Bg4 6. 0-0 e6 7. h3 Bxf3 8. Qxf3 Nd4 9. Qd1 Rb8 10. d3 b5 11. Bb3 a5 12. a3 Be7 13. Be3 Nxb3 14. cxb3 d5 15. e5 Nd7 16. Bd2 Qb6 17. Kh2 0-0 18. g4 f6 19. exf6 Bxf6 20. Qe2 Rbe8 21. Rae1 b4 22. Na4 Qd6 23. Kg2 e5 24. f5 Bh4 25. Rc1 Bd8 26. g5 Rf7 27. Qh5 Nf8 28. Nxc5 g6 29. Qg4 gxf5 30. Rxf5 Rxf5 31. Qxf5 Ng6 32. Qg4 Bc7 33. Nb7 Qb6 34. Qd7 Nh4+ 35. Kg3 Rf8 36. Kxh4 Qf2+ 37. Kh5 Rf7 38. Qe6 Kg7 39. Rxc7 Qe2+ 40. Qg4 Qxg4+ 41. Kxg4 Rxc7 42. Nxa5 bxa3 43. bxa3 Rc2 44. Bb4 Kg6 45. h4 Rg2+ 46. Kh3 Re2 47. Nc6 Kh5 48. Bc5 d4 49. a4 Re3+ 50. Kg2 Rxd3 51. b4 Ra3 52. a5 d3 53. Be3 e4 54. b5 Kxh4 55. b6 Ra2+ 56. Kf1 Kg3 57. Bd4 e3 58. b7 Rf2+ 59. Kg1 Rg2+ 60. Kf1 Rf2+ 1/2-1/2

[Event "Hessen-ch U14"]
[Site "Bad Homburg"]
[Date "2012.??.??"]
[Round "1"]
[White "Neukirchner, Pascal"]
[Black "Hennemann, Florian"]
[Result "1/2-1/2"]
[WhiteElo "1259"]
[BlackElo "929"]
[PlyCount "117"]
[EventDate "2012.04.??"]
[EventType "swiss"]
[EventRounds "9"]
[EventCountry "GER"]
[SourceTitle "EXT 2015"]
[Source "ChessBase"]
[SourceDate "2014.11.20"]
[SourceVersion "1"]
[SourceVersionDate "2014.11.20"]
[SourceQuality "1"]

1. e4 e5 2. Nf3 Nc6 3. Bc4 Bc5 4. c3 Nf6 5. d4 exd4 6. e5 Ng8 7. cxd4 Bb4+ 8. Bd2 Nge7 9. d5 Bxd2+ 10. Qxd2 Nb8 11. Ng5 d6 12. Qf4 Nf5 13. e6 Qf6 14. exf7+ Ke7 15. Qe4+ Qe5 16. Qxe5+ dxe5 17. Ne6 Kd7 18. f8Q Rxf8 19. Nxf8+ Kd6 20. Ne6 c6 21. Nc3 cxd5 22. Nb5+ Kxe6 23. Bxd5+ Kxd5 24. Nc7+ Kc6 25. Rc1+ Kd7 26. Nxa8 Nc6 27. 0-0 b6 28. Rfd1+ Nd6 29. Rc3 Bb7 30. Nxb6+ axb6 31. Rcd3 Nd4 32. Rg3 N6f5 33. Rg5 Ke6 34. f3 Kf6 35. Rh5 Kg6 36. Rh3 Ne2+ 37. Kf2 Nf4 38. Rg3+ Nxg3 39. Kxg3 Ne2+ 40. Kf2 Nd4 41. f4 Kf5 42. fxe5 Kxe5 43. Re1+ Be4 44. Re3 b5 45. b3 b4 46. g4 Kf4 47. h3 Bb1 48. Re7 Bxa2 49. Rxg7 Bb1 50. Rb7 Nc6 51. Rb6 Be4 52. Rb7 Ne5 53. Re7 Bc2 54. Ke2 Bxb3 55. Rxh7 Bc2 56. Rb7 b3 57. Rb4+ Kg3 58. Kd2 Kxh3 59. Kc3 1/2-1/2